[Event "SVK-chT1E 2223"]
[Site "Slovakia"]
[Date "2022.12.04"]
[Round "6.4"]
[White "Matejovic, Juraj"]
[Black "Tomaszewski, Kacper"]
[Result "1/2-1/2"]
[WhiteElo "2238"]
[BlackElo "2313"]
[PlyCount "62"]
[EventDate "2022.10.15"]
[EventType "team-tourn"]
[EventRounds "11"]
[EventCountry "SVK"]
[SourceTitle "EXT 2024"]
[Source "ChessBase"]
[SourceDate "2023.10.10"]
[SourceVersion "1"]
[SourceVersionDate "2023.10.10"]
[SourceQuality "1"]
[WhiteTeam "Dunajov Martin"]
[BlackTeam "Cadca"]
[WhiteTeamCountry "SVK"]
[BlackTeamCountry "SVK"]

1. e4 c6 2. d4 d5 3. exd5 cxd5 4. c4 Nf6 5. Nf3 Nc6 6. Nc3 Bg4 7. cxd5 Nxd5 8. Bb5 Rc8 9. h3 Bxf3 10. Qxf3 e6 11. Nxd5 Qxd5 12. Qxd5 exd5 13. 0-0 Kd7 14. Be3 a6 15. Ba4 Bd6 16. Rac1 b5 17. Bb3 Ne7 18. Rfd1 Rxc1 19. Rxc1 Rc8 20. Rxc8 Kxc8 21. Kf1 Kd7 22. Ke2 Ke6 23. a4 Nc6 24. axb5 axb5 25. Bc2 f5 26. g3 g6 27. Bd3 Na7 28. Kf3 Bf8 29. g4 fxg4+ 30. hxg4 Bg7 31. Ke2 Nc6 1/2-1/2

[Event "SVK-ch rapid"]
[Site "Topolcany"]
[Date "2020.07.11"]
[Round "8"]
[White "Bombek, Peter"]
[Black "Matejovic, Juraj"]
[Result "0-1"]
[WhiteElo "2088"]
[BlackElo "2190"]
[PlyCount "78"]
[EventDate "2020.07.11"]
[EventType "swiss (rapid)"]
[EventRounds "9"]
[EventCountry "SVK"]
[SourceTitle "CBM 197 Extra"]
[Source "ChessBase"]
[SourceDate "2020.09.30"]
[SourceVersion "1"]
[SourceVersionDate "2020.09.30"]
[SourceQuality "1"]

1. d4 Nf6 2. Bg5 g6 3. Bxf6 exf6 4. e3 Bg7 5. g3 d6 6. Bg2 c6 7. c4 0-0 8. Nc3 a5 9. Nge2 Qb6 10. Qb3 Qa6 11. a4 f5 12. 0-0 Nd7 13. Rfd1 Nf6 14. Nf4 Re8 15. Bf1 Qa7 16. Rac1 h5 17. h4 Qb8 18. Bg2 Bd7 19. Nd3 Ng4 20. Re1 Qc7 21. Qc2 Re7 22. Rb1 Rae8 23. Nd1 Bxd4 24. b4 axb4 25. Nxb4 Bf6 26. Qb3 f4 27. gxf4 Bxh4 28. Nd3 Bc8 29. Re2 Nf6 30. Ne1 Bf5 31. Rbb2 Bg4 32. Nf3 Bxf3 33. Bxf3 Qd7 34. Kg2 Ng4 35. Red2 Bf6 36. Rb1 Nh6 37. Qb4 Nf5 38. Kg1 Nh4 39. Be2 Qh3 0-1

[Event "SVK-ch rapid"]
[Site "Topolcany"]
[Date "2020.07.11"]
[Round "9"]
[White "Matejovic, Juraj"]
[Black "Zetocha, Adrian"]
[Result "1/2-1/2"]
[WhiteElo "2190"]
[BlackElo "1982"]
[PlyCount "57"]
[EventDate "2020.07.11"]
[EventType "swiss (rapid)"]
[EventRounds "9"]
[EventCountry "SVK"]
[SourceTitle "CBM 197 Extra"]
[Source "ChessBase"]
[SourceDate "2020.09.30"]
[SourceVersion "1"]
[SourceVersionDate "2020.09.30"]
[SourceQuality "1"]

1. e4 c6 2. d4 d5 3. exd5 cxd5 4. c4 Nf6 5. Nc3 e6 6. Nf3 Bb4 7. Qb3 Nc6 8. Bg5 0-0 9. Bd3 dxc4 10. Bxc4 h6 11. Be3 Bd6 12. Be2 b6 13. 0-0 Bb7 14. Rfd1 Nb4 15. Ne5 Nbd5 16. Nb5 Nxe3 17. Qxe3 Nd5 18. Qb3 Nf4 19. Bf3 Bxf3 20. Qxf3 Nd5 21. Rac1 Bxe5 22. dxe5 Qg5 23. Qg3 Rfc8 24. Qxg5 hxg5 25. Nd6 Rxc1 26. Rxc1 Kf8 27. Kf1 f6 28. Ne4 Ke7 29. g3 1/2-1/2

[Event "SVK-chT2A 1920"]
[Site "Slovakia"]
[Date "2020.03.08"]
[Round "11.1"]
[White "Matejovic, Juraj"]
[Black "Pechac, Jergus"]
[Result "1-0"]
[WhiteElo "2216"]
[BlackElo "2509"]
[PlyCount "29"]
[EventDate "2019.10.26"]
[EventType "team-tourn"]
[EventRounds "11"]
[EventCountry "SVK"]
[SourceTitle "CBM 195 Extra"]
[Source "ChessBase"]
[SourceDate "2020.05.31"]
[SourceVersion "1"]
[SourceVersionDate "2020.05.31"]
[SourceQuality "1"]
[WhiteTeam "Gbely Nafta"]
[BlackTeam "Trnava Sered"]
[WhiteTeamCountry "SVK"]
[BlackTeamCountry "SVK"]

1. e4 c5 2. Nf3 d6 3. Nc3 Nf6 4. d4 cxd4 5. Nxd4 a6 6. Bc4 e6 7. Bb3 b5 8. Bg5 Be7 9. Qf3 Qc7 10. 0-0-0 Nbd7 11. Rhe1 Nc5 12. Nf5 Nxb3+ 13. axb3 exf5 14. Bxf6 Bxf6 15. exf5+ 1-0

[Event "Skalica op"]
[Site "Skalica"]
[Date "2019.08.29"]
[Round "6"]
[White "Matejovic, Juraj"]
[Black "Hrbek, Stepan"]
[Result "1-0"]
[WhiteElo "2237"]
[BlackElo "2066"]
[PlyCount "65"]
[EventDate "2019.08.25"]
[EventType "swiss"]
[EventRounds "9"]
[EventCountry "SVK"]
[SourceTitle "EXT 2020"]
[Source "ChessBase"]
[SourceDate "2019.10.17"]
[SourceVersion "1"]
[SourceVersionDate "2019.10.17"]
[SourceQuality "1"]

1. e4 c5 2. Nf3 d6 3. d4 cxd4 4. Nxd4 Nf6 5. Nc3 Nc6 6. Bg5 e6 7. Qd2 a6 8. 0-0-0 Bd7 9. f4 b5 10. a3 Rb8 11. e5 dxe5 12. fxe5 Nxe5 13. Bf4 Ng6 14. Bxb8 Qxb8 15. Be2 e5 16. Nb3 Be6 17. Bf3 Be7 18. Bc6+ Kf8 19. Rhe1 Qc8 20. Bf3 Nd7 21. Nd5 f6 22. Nxe7 Nxe7 23. Qb4 Kf7 24. Rd6 Qc7 25. Nd4 Bc4 26. Nc6 Nf5 27. Rd2 Nb6 28. g4 Nh4 29. Be4 Ng6 30. Qc5 Nf4 31. Nd8+ Qxd8 32. Rxd8 Rxd8 33. Qxb6 1-0

[Event "SVK-ch rapid"]
[Site "Velky Cetin"]
[Date "2018.04.28"]
[Round "9"]
[White "Balog, Imre1111"]
[Black "Matejovic, Juraj"]
[Result "1-0"]
[WhiteElo "2621"]
[BlackElo "2245"]
[PlyCount "83"]
[EventDate "2018.04.28"]
[EventType "swiss (rapid)"]
[EventRounds "9"]
[EventCountry "SVK"]
[SourceTitle "CBM 184 Extra"]
[Source "ChessBase"]
[SourceDate "2018.06.28"]
[SourceVersion "1"]
[SourceVersionDate "2018.06.28"]
[SourceQuality "1"]

1. d4 Nf6 2. Bg5 g6 3. Bxf6 exf6 4. e4 d6 5. Bd3 Bg7 6. Ne2 d5 7. exd5 Qxd5 8. 0-0 0-0 9. Nbc3 Qd8 10. Bc4 f5 11. Qd2 Nd7 12. Rad1 Nb6 13. Bb3 c6 14. Rfe1 Qh4 15. Qf4 Qxf4 16. Nxf4 a5 17. a4 Bf6 18. Nce2 Kg7 19. c3 Rd8 20. Kf1 Rb8 21. Nc1 Na8 22. Ncd3 Nc7 23. g3 Rf8 24. h4 Ne8 25. Ne5 Nd6 26. Rd2 Ne4 27. Rdd1 Bxe5 28. dxe5 Nc5 29. Bc2 Ne6 30. Nd3 b6 31. Bb3 Nc7 32. Nf4 Na6 33. Rd6 Nc5 34. Bc2 Ba6+ 35. Kg1 Rbc8 36. b4 axb4 37. cxb4 Nb7 38. Rd7 Nd8 39. Bb3 Kh6 40. Red1 c5 41. b5 Bb7 42. R1d6 1-0